Trouves le personnage du Comte de Monte Cristo - Statistiques

Statistiques générales
  • Ce quiz a été pris 495 fois
  • Le résultat moyen est 5 sur 9
Statistiques - réponses
Par images Réponse % Correct
Edmond
96%
Mercédès
92%
Albert
61%
Haydée
59%
Fernand
58%
Andréa
40%
Danglars
39%
Abbé Faria
38%
Gérard
24%
Aucun quiz correspondant
Distribution des résultats
% des personnes avec chaque résultat
Percentile par nombre de réponses
Votre historique - résultats
Vous n’avez pas pris ce quiz